Villeneuve d'Ascq - Choix multiples - Statistiques

Statistiques générales
  • Ce quiz a été pris 60 fois
  • Le résultat moyen est 6 sur 10
Statistiques - réponses
Question Réponse % Correct
Villeneuve d’Ascq est proche de quelle grande ville ? Lille
100%
Quelle grande enseigne d’articles de sport a son siège social à Villeneuve d’Ascq ? Décathlon
82%
Quel est le principal espace vert de Villeneuve d’Ascq, classé en réserve naturelle régionale ? Parc du Héron
76%
Quel objet ou système a été inventé à l’Université de Villeneuve d’Ascq, sur le campus de la Cité Scientifique ? Métro automatique
69%
Laquelle de ces communes n’a PAS fusionné pour créer Villeneuve d’Ascq en 1970 ? Hellemmes
65%
Lequel de ces château est à Villeneuve d'Ascq ?
62%
Quel grand musée de Villeneuve d’Ascq est consacré à l’art moderne ? LaM
60%
Pendant quelle guerre a eu lieu le massacre d’Ascq ? Seconde Guerre mondiale
44%
Dans quel sport l’équipe féminine de Villeneuve d’Ascq a-t-elle remporté une coupe d’Europe en 2025 ? Basket
35%
Quelle rivière traverse la commune ? Marque
31%
Aucun quiz correspondant
Distribution des résultats
% des personnes avec chaque résultat
Percentile par nombre de réponses
Votre historique - résultats
Vous n’avez pas pris ce quiz